[Event "Manaus op"]
[Site "Manaus"]
[Date "2024.10.17"]
[Round "9"]
[White "Cubas, Jose Fernando"]
[Black "Pinero Rodriguez, Carlos Jose"]
[Result "1/2-1/2"]
[WhiteElo "2412"]
[BlackElo "2305"]
[PlyCount "70"]
[EventDate "2024.10.11"]
[EventType "swiss"]
[EventRounds "9"]
[EventCountry "BRA"]
[SourceTitle "CB43_2024"]
[Source "Chessbase"]
[SourceDate "2024.10.23"]
[SourceVersion "1"]
[SourceVersionDate "2024.10.23"]
[SourceQuality "1"]

1. e4 c5 2. Nc3 e6 3. g3 Nc6 4. Bg2 g6 5. d3 Bg7 6. Be3 d6 7. Qd2 h5 8. h3 Nge7 9. Nge2 Nd4 10. 0-0 Rb8 11. Nc1 b5 12. Nd1 b4 13. a3 a5 14. axb4 axb4 15. c3 bxc3 16. bxc3 Ndc6 17. Ne2 Qb6 18. Ra2 Ba6 19. Nb2 0-0 20. Rfa1 Bc8 21. Nc4 Qc7 22. Bh6 e5 23. Bxg7 Kxg7 24. Ne3 Be6 25. Nd5 Qd7 26. Kh2 Rb7 27. d4 cxd4 28. cxd4 f6 29. Ra3 Bxd5 30. exd5 Nxd4 31. Nxd4 exd4 32. Qxd4 Nf5 33. Qf4 Re8 34. Ra8 Rxa8 35. Rxa8 Qe7 1/2-1/2

[Event "Manaus op"]
[Site "Manaus"]
[Date "2024.10.13"]
[Round "4"]
[White "Zanette, Edgard Vinicius"]
[Black "Cubas, Jose Fernando"]
[Result "0-1"]
[WhiteElo "2064"]
[BlackElo "2412"]
[PlyCount "60"]
[EventDate "2024.10.11"]
[EventType "swiss"]
[EventRounds "9"]
[EventCountry "BRA"]
[SourceTitle "CB43_2024"]
[Source "Chessbase"]
[SourceDate "2024.10.23"]
[SourceVersion "1"]
[SourceVersionDate "2024.10.23"]
[SourceQuality "1"]

1. d4 d5 2. Bf4 Nf6 3. Nc3 e6 4. e3 a6 5. a3 Bd6 6. Nf3 Bxf4 7. exf4 Qd6 8. Ne5 c5 9. dxc5 Qxc5 10. Bd3 Nc6 11. Nxc6 bxc6 12. 0-0 Qd6 13. Qf3 0-0 14. Rfe1 Rb8 15. g4 g6 16. b4 c5 17. bxc5 Qxc5 18. Ne2 Ne4 19. Qe3 Qc7 20. Nd4 a5 21. Rab1 Bd7 22. Bxe4 dxe4 23. Qxe4 Rxb1 24. Rxb1 Qc4 25. g5 Rd8 26. Rb3 Ba4 27. Rd3 Bxc2 28. Nxe6 Qxd3 29. Qe5 Qd1+ 30. Kg2 Qg4+ 0-1

[Event "Olympiad-45"]
[Site "Budapest"]
[Date "2024.09.22"]
[Round "11.3"]
[White "Cubas, Jose Fernando"]
[Black "Flores, Diego"]
[Result "0-1"]
[WhiteElo "2417"]
[BlackElo "2546"]
[PlyCount "92"]
[EventDate "2024.09.11"]
[EventType "team-swiss"]
[EventRounds "11"]
[EventCountry "HUN"]
[SourceTitle "EXT 2025"]
[Source "ChessBase"]
[SourceDate "2024.10.14"]
[SourceVersion "1"]
[SourceVersionDate "2024.10.14"]
[SourceQuality "1"]
[WhiteTeam "Paraguay"]
[BlackTeam "Argentina"]
[WhiteTeamCountry "PAR"]
[BlackTeamCountry "ARG"]

1. e4 c5 2. Nf3 e6 3. d4 cxd4 4. Nxd4 a6 5. a3 Qc7 6. c4 Nf6 7. Nc3 b6 8. Be3 Bb7 9. f3 Be7 10. Rc1 0-0 11. Be2 Re8 12. Na4 d6 13. Nb5 axb5 14. cxb5 Qd7 15. Nxb6 Qd8 16. Nxa8 Qa5+ 17. Kf2 Qxa8 18. Qd4 Nbd7 19. b4 e5 20. Qa7 Qxa7 21. Bxa7 Ra8 22. b6 Bd8 23. Rhd1 d5 24. exd5 Nxb6 25. Bxb6 Bxb6+ 26. Ke1 Nxd5 27. Ba6 Bxa6 28. Rxd5 g6 29. a4 e4 30. a5 Bg1 31. b5 exf3 32. gxf3 Bb7 33. Rd7 Bxf3 34. a6 Re8+ 35. Kf1 Bb6 36. Rd6 Be2+ 37. Kg2 Be3 38. Rb1 Re5 39. a7 Rg5+ 40. Kh3 Bxa7 41. b6 Bxb6 42. Rbxb6 Bf1+ 43. Kh4 Rg2 44. Kh3 Kg7 45. Rbc6 Rg1+ 46. Kh4 g5+ 0-1

[Event "Olympiad-45"]
[Site "Budapest"]
[Date "2024.09.11"]
[Round "1.58"]
[White "Dacres, Don"]
[Black "Cubas, Jose Fernando"]
[Result "0-1"]
[WhiteElo "1863"]
[BlackElo "2417"]
[PlyCount "76"]
[EventDate "2024.09.11"]
[EventType "team-swiss"]
[EventRounds "11"]
[EventCountry "HUN"]
[SourceTitle "EXT 2025"]
[Source "ChessBase"]
[SourceDate "2024.10.14"]
[SourceVersion "1"]
[SourceVersionDate "2024.10.14"]
[SourceQuality "1"]
[WhiteTeam "Bermuda"]
[BlackTeam "Paraguay"]
[WhiteTeamCountry "BER"]
[BlackTeamCountry "PAR"]

1. e4 c5 2. Nf3 Nc6 3. Bb5 g6 4. c3 Nf6 5. e5 Nd5 6. Bxc6 dxc6 7. 0-0 Bg7 8. d4 cxd4 9. cxd4 0-0 10. Nc3 Bf5 11. Nh4 Be6 12. Re1 c5 13. Nf3 Nxc3 14. bxc3 cxd4 15. cxd4 Bd5 16. a4 Qd7 17. Be3 Rfc8 18. Nd2 Rc3 19. Nb1 Rc6 20. Nd2 Rac8 21. Nb3 b6 22. a5 Rc3 23. Nd2 f6 24. exf6 Bxf6 25. axb6 axb6 26. Nb1 Rc2 27. h3 b5 28. Re2 Rxe2 29. Qxe2 b4 30. Qd1 b3 31. Nd2 Qb7 32. f3 Rc3 33. Bf2 b2 34. Rb1 Qc7 35. Nf1 Rc1 36. Qd3 Rxb1 37. Qxb1 Qc1 38. Qd3 b1Q 0-1

[Event "Abu Dhabi op-A 30th"]
[Site "Abu Dhabi"]
[Date "2024.08.16"]
[Round "2"]
[White "Cubas, Jose Fernando"]
[Black "Jake, Shanty"]
[Result "1-0"]
[WhiteElo "2420"]
[BlackElo "2278"]
[PlyCount "123"]
[EventDate "2024.08.15"]
[EventType "swiss"]
[EventRounds "9"]
[EventCountry "UAE"]
[SourceTitle "EXT 2025"]
[Source "ChessBase"]
[SourceDate "2024.10.14"]
[SourceVersion "1"]
[SourceVersionDate "2024.10.14"]
[SourceQuality "1"]

1. e4 e6 2. d4 d5 3. e5 c5 4. c3 Qb6 5. Nf3 Nc6 6. a3 c4 7. Nbd2 Na5 8. Rb1 Bd7 9. h4 Ne7 10. h5 h6 11. Be2 Qc7 12. 0-0 Nc8 13. Ne1 Nb6 14. Bg4 Be7 15. Qe2 0-0-0 16. f4 Rdf8 17. f5 Bg5 18. Ndf3 Bxc1 19. fxe6 Bxe6 20. Bxe6+ fxe6 21. Rxc1 Nb3 22. Rd1 Qe7 23. g3 Qf7 24. Nh2 Qe8 25. Ng2 g6 26. Ng4 Rxf1+ 27. Rxf1 gxh5 28. Nf6 Qg6 29. Kh2 Qd3 30. Qf2 Nd2 31. Ra1 Nf3+ 32. Kh1 Ng5 33. Nf4 Qf5 34. Rf1 Nd7 35. N4xh5 Qg6 36. Nf4 Qf7 37. N4h5 Nxf6 38. Nxf6 Qg6 39. Kg2 Rf8 40. Qe2 Kd8 41. Rf2 Ke7 42. b3 Ne4 43. Nxe4 dxe4 44. Rxf8 Kxf8 45. bxc4 Ke8 46. Qe3 Qg4 47. Kf2 h5 48. Ke1 Kd7 49. Kd2 Kc6 50. d5+ exd5 51. cxd5+ Kxd5 52. Qd4+ Kc6 53. Qd6+ Kb5 54. a4+ Kc4 55. Qd4+ Kb3 56. Kc1 Qg5+ 57. Kb1 Qe7 58. Qb4+ Qxb4 59. cxb4 Kc3 60. Kc1 b5 61. axb5 e3 62. Kd1 1-0

[Event "Florianopolis Winter op 8th"]
[Site "Florianopolis"]
[Date "2024.07.11"]
[Round "4"]
[White "Kropff Gomez, Ricardo"]
[Black "Cubas, Jose Fernando"]
[Result "0-1"]
[WhiteElo "2047"]
[BlackElo "2417"]
[PlyCount "50"]
[EventDate "2024.07.09"]
[EventType "swiss"]
[EventRounds "9"]
[EventCountry "BRA"]
[SourceTitle "CBM 221 Extra"]
[Source "ChessBase"]
[SourceDate "2024.09.30"]
[SourceVersion "1"]
[SourceVersionDate "2024.09.30"]
[SourceQuality "1"]

1. e4 c5 2. Nf3 Nc6 3. d4 cxd4 4. Nxd4 Nf6 5. Nc3 e5 6. Ndb5 d6 7. Bg5 a6 8. Na3 b5 9. Bxf6 gxf6 10. Nd5 Bg7 11. c3 Ne7 12. Nc2 f5 13. Bd3 Nxd5 14. exd5 e4 15. Be2 Qg5 16. 0-0 Rg8 17. g3 f4 18. Re1 Be5 19. Bxb5+ axb5 20. Rxe4 f5 21. Re1 fxg3 22. fxg3 f4 23. Qd2 fxg3 24. Qxg5 gxh2+ 25. Kh1 Rxg5 0-1

[Event "Florianopolis Winter op 8th"]
[Site "Florianopolis"]
[Date "2024.07.09"]
[Round "1"]
[White "Cubas, Jose Fernando"]
[Black "Flesch, Lucas Henrique Ye"]
[Result "1-0"]
[WhiteElo "2417"]
[BlackElo "1822"]
[PlyCount "111"]
[EventDate "2024.07.09"]
[EventType "swiss"]
[EventRounds "9"]
[EventCountry "BRA"]
[SourceTitle "CBM 221 Extra"]
[Source "ChessBase"]
[SourceDate "2024.09.30"]
[SourceVersion "1"]
[SourceVersionDate "2024.09.30"]
[SourceQuality "1"]

1. e4 e6 2. d4 d5 3. Nd2 Nf6 4. e5 Nfd7 5. Bd3 c5 6. c3 Nc6 7. Ngf3 cxd4 8. cxd4 f6 9. exf6 Nxf6 10. 0-0 Bd6 11. Re1 0-0 12. h3 Bd7 13. Nf1 Qc7 14. Bd2 Rae8 15. Rc1 Qb8 16. Bc3 e5 17. dxe5 Nxe5 18. Nxe5 Bxe5 19. Qb3 Bxc3 20. Qxc3 Qf4 21. Rxe8 Bxe8 22. Qd2 Nh5 23. Rc8 Qxd2 24. Nxd2 Nf4 25. Bc2 Bc6 26. Bxh7+ Kf7 27. Rxf8+ Kxf8 28. h4 Kf7 29. Bc2 d4 30. f3 Ke6 31. g3 Ne2+ 32. Kf2 Bb5 33. a4 Ba6 34. b4 Nc3 35. Bb3+ Ke5 36. f4+ Kf5 37. b5 Nxb5 38. axb5 Bxb5 39. Bd5 b6 40. Nf3 Bd3 41. Nxd4+ Kf6 42. Ke3 Bb1 43. g4 a5 44. h5 a4 45. Nb5 g5 46. f5 Bxf5 47. gxf5 Kxf5 48. Be4+ Kf6 49. Kf3 Kf7 50. Kg4 Kf6 51. h6 Kf7 52. Kxg5 Kg8 53. Kg6 Kh8 54. h7 a3 55. Nd6 b5 56. Nf7# 1-0

[Event "Caioba op 8th"]
[Site "Caioba"]
[Date "2024.06.29"]
[Round "8"]
[White "Cubas, Jose Fernando"]
[Black "Terao, Juliana Sayumi"]
[Result "1-0"]
[WhiteElo "2417"]
[BlackElo "2198"]
[PlyCount "41"]
[EventDate "2024.06.23"]
[EventType "swiss"]
[EventRounds "9"]
[EventCountry "BRA"]
[SourceTitle "CBM 220 Extra"]
[Source "ChessBase"]
[SourceDate "2024.07.31"]
[SourceVersion "1"]
[SourceVersionDate "2024.07.31"]
[SourceQuality "1"]

1. e4 c5 2. Nf3 e6 3. d4 cxd4 4. Nxd4 a6 5. a3 Nf6 6. Nc3 Qc7 7. f4 Nc6 8. e5 Nxd4 9. Qxd4 Ng4 10. Ne4 Be7 11. Nd6+ Kf8 12. Bd2 f5 13. 0-0-0 b6 14. h3 Nh6 15. Bc3 b5 16. Be2 Nf7 17. g4 g6 18. gxf5 gxf5 19. Rhg1 Rg8 20. Rxg8+ Kxg8 21. Qg1+ 1-0

[Event "Caioba op 8th"]
[Site "Caioba"]
[Date "2024.06.27"]
[Round "6"]
[White "Cubas, Jose Fernando"]
[Black "Rodi, Luis Ernesto"]
[Result "1/2-1/2"]
[WhiteElo "2417"]
[BlackElo "2208"]
[PlyCount "96"]
[EventDate "2024.06.23"]
[EventType "swiss"]
[EventRounds "9"]
[EventCountry "BRA"]
[SourceTitle "CBM 220 Extra"]
[Source "ChessBase"]
[SourceDate "2024.07.31"]
[SourceVersion "1"]
[SourceVersionDate "2024.07.31"]
[SourceQuality "1"]

1. e4 d6 2. d4 Nf6 3. Nc3 e5 4. Nf3 Nbd7 5. Bc4 Be7 6. 0-0 0-0 7. Re1 c6 8. a4 b6 9. Ba2 a6 10. Nh4 exd4 11. Qxd4 Nc5 12. Nf3 Be6 13. Bxe6 Nxe6 14. Qc4 Qc8 15. Nd4 Nc5 16. b4 b5 17. Qa2 Ne6 18. Nf5 Qb7 19. Nxe7+ Qxe7 20. axb5 axb5 21. Qxa8 Rxa8 22. Rxa8+ Nf8 23. Bf4 Nh5 24. Be3 h6 25. Rea1 Kh7 26. R1a6 Nf6 27. Rxc6 Nxe4 28. Nxe4 Qxe4 29. Rcc8 Qxb4 30. h4 Ne6 31. h5 g6 32. Ra7 Kg7 33. Re8 Kf6 34. Ree7 Ng5 35. hxg6 fxg6 36. Red7 Kf5 37. Ra6 Ne4 38. Rf7+ Ke6 39. Rg7 Qe1+ 40. Kh2 Nxf2 41. Rxg6+ Kf5 42. Bxf2 Qxf2 43. Rgxd6 Qh4+ 44. Kg1 Qe1+ 45. Kh2 Qh4+ 46. Kg1 Qe1+ 47. Kh2 Qh4+ 48. Kg1 Qe1+ 1/2-1/2

[Event "Caioba op 8th"]
[Site "Caioba"]
[Date "2024.06.24"]
[Round "2"]
[White "Cubas, Jose Fernando"]
[Black "Nunes, Sidney Jr"]
[Result "1-0"]
[WhiteElo "2417"]
[BlackElo "2028"]
[PlyCount "69"]
[EventDate "2024.06.23"]
[EventType "swiss"]
[EventRounds "9"]
[EventCountry "BRA"]
[SourceTitle "CBM 220 Extra"]
[Source "ChessBase"]
[SourceDate "2024.07.31"]
[SourceVersion "1"]
[SourceVersionDate "2024.07.31"]
[SourceQuality "1"]

1. e4 c5 2. Nf3 Nc6 3. d4 cxd4 4. Nxd4 g6 5. c4 Nf6 6. Nc3 Nxd4 7. Qxd4 d6 8. Be2 Bg7 9. Be3 0-0 10. Qd2 Bd7 11. 0-0 a6 12. f3 Bc6 13. b4 b6 14. Rab1 Nd7 15. Rfc1 a5 16. a3 axb4 17. axb4 Ra3 18. Bd4 f5 19. Bxg7 Kxg7 20. Nb5 Bxb5 21. Qb2+ Rf6 22. Qxa3 Bc6 23. exf5 gxf5 24. Qa7 Ne5 25. c5 dxc5 26. Rd1 Qe8 27. b5 Ba8 28. Ra1 Rf8 29. Qxb6 Qh5 30. Qxc5 f4 31. Qxe7+ Rf7 32. Qe8 Bb7 33. Rd8 Kh6 34. Rad1 Bxf3 35. R1d6+ 1-0

[Event "Chess.com Classic Play In"]
[Site "Chess.com INT"]
[Date "2024.05.08"]
[Round "3"]
[White "Antipov, Mikhail Al"]
[Black "Cubas, Jose Fernando"]
[Result "1-0"]
[WhiteElo "2601"]
[BlackElo "2421"]
[PlyCount "75"]
[EventDate "2024.05.08"]
[EventType "swiss (rapid)"]
[EventRounds "9"]
[EventCountry "USA"]
[SourceTitle "CBM 220 Extra"]
[Source "ChessBase"]
[SourceDate "2024.07.31"]
[SourceVersion "1"]
[SourceVersionDate "2024.07.31"]
[SourceQuality "1"]

1. e4 c5 2. Nf3 d6 3. Bb5+ Bd7 4. c4 Nc6 5. 0-0 e5 6. Nc3 Nge7 7. Nd5 Nxd5 8. cxd5 Ne7 9. Bxd7+ Qxd7 10. b4 cxb4 11. a3 bxa3 12. Bxa3 Ng6 13. d4 Be7 14. dxe5 dxe5 15. Bxe7 Kxe7 16. Qb3 Rhc8 17. Qb4+ Ke8 18. Rfb1 b6 19. g3 f6 20. Ne1 Kf7 21. Ng2 Rc5 22. Ne3 Rac8 23. Kg2 Ne7 24. Rd1 Kg6 25. Ra6 Rc3 26. Rd2 R8c5 27. Qb1 h5 28. Qa2 Nc8 29. Nf5 Kh7 30. d6 R5c4 31. f3 g6 32. Ne7 h4 33. h3 hxg3 34. Nxc8 Qxc8 35. Rxa7+ Kh6 36. d7 Qd8 37. Ra8 Rc2 38. Rxd8 1-0

[Event "Chess.com Classic Play In"]
[Site "Chess.com INT"]
[Date "2024.05.08"]
[Round "1"]
[White "Cubas, Jose Fernando"]
[Black "Vokhidov, Shamsiddin"]
[Result "0-1"]
[WhiteElo "2421"]
[BlackElo "2592"]
[PlyCount "118"]
[EventDate "2024.05.08"]
[EventType "swiss (rapid)"]
[EventRounds "9"]
[EventCountry "USA"]
[SourceTitle "CBM 220 Extra"]
[Source "ChessBase"]
[SourceDate "2024.07.31"]
[SourceVersion "1"]
[SourceVersionDate "2024.07.31"]
[SourceQuality "1"]

1. e4 c5 2. Nc3 Nc6 3. Bb5 Nd4 4. Nf3 e6 5. 0-0 a6 6. Bd3 Nc6 7. Be2 Nf6 8. d4 cxd4 9. Nxd4 Qc7 10. Be3 Be7 11. f4 d6 12. Qe1 0-0 13. Kh1 Bd7 14. Qg3 b5 15. a3 Rab8 16. Nxc6 Bxc6 17. Bd3 a5 18. Bd4 b4 19. axb4 Rxb4 20. Ne2 g6 21. Qe3 a4 22. c4 Qb7 23. Bc3 Rb3 24. Nd4 Rb6 25. Nxc6 Qxc6 26. Qd4 Rbb8 27. g4 h6 28. Rg1 Rfd8 29. Rg2 e5 30. Qe3 Nd7 31. Rf1 Rf8 32. h4 Bxh4 33. Rh2 g5 34. Rxh4 gxh4 35. f5 Kg7 36. Bd2 Rh8 37. f6+ Kf8 38. g5 h5 39. g6 fxg6 40. f7 Rb3 41. Qh6+ Rxh6 42. Bxh6+ Ke7 43. Bg5+ Kf8 44. Bh6+ Ke7 45. Bg5+ Nf6 46. Rxf6 Rb8 47. Rf1+ Kd7 48. f8Q Rxf8 49. Rxf8 Qb6 50. Rf7+ Kc6 51. Bc2 Qb4 52. Rf1 Qxc4 53. Rc1 Kd7 54. Kh2 Qd4 55. Kh3 Ke6 56. Rd1 Qxb2 57. Bxa4 Qa3+ 58. Kxh4 Qxa4 59. Rf1 Qxe4+ 0-1

[Event "Joacaba Scherer"]
[Site "Joacaba"]
[Date "2024.05.08"]
[Round "8"]
[White "Fier, Alexandr"]
[Black "Cubas, Jose Fernando"]
[Result "1-0"]
[WhiteElo "2566"]
[BlackElo "2419"]
[PlyCount "65"]
[EventDate "2024.05.01"]
[EventType "tourn"]
[EventRounds "9"]
[EventCountry "BRA"]
[EventCategory "8"]
[SourceTitle "CBM 220 Extra"]
[Source "ChessBase"]
[SourceDate "2024.07.31"]
[SourceVersion "1"]
[SourceVersionDate "2024.07.31"]
[SourceQuality "1"]

1. d4 Nf6 2. c4 g6 3. Nc3 Bg7 4. e4 d6 5. Be2 0-0 6. Nf3 e5 7. 0-0 Na6 8. Re1 c6 9. Bf1 exd4 10. Nxd4 Ng4 11. h3 Qb6 12. hxg4 Qxd4 13. g5 Nc5 14. Bf4 Qxd1 15. Raxd1 Be5 16. Be3 Be6 17. f3 Rfd8 18. Rd2 Kf8 19. Rc1 a5 20. Ne2 a4 21. Nd4 Bd7 22. Kf2 Ke7 23. g3 a3 24. b3 Ne6 25. Nxe6 Bxe6 26. Rcd1 c5 27. f4 Bc3 28. Rxd6 Rdc8 29. e5 b5 30. cxb5 Bxb3 31. R1d3 Bxa2 32. Rxc3 Bb1 33. Ra6 1-0

[Event "Joacaba Scherer"]
[Site "Joacaba"]
[Date "2024.05.07"]
[Round "7"]
[White "Cubas, Jose Fernando"]
[Black "Bachmann, Axel"]
[Result "1/2-1/2"]
[WhiteElo "2419"]
[BlackElo "2578"]
[PlyCount "39"]
[EventDate "2024.05.01"]
[EventType "tourn"]
[EventRounds "9"]
[EventCountry "BRA"]
[EventCategory "8"]
[SourceTitle "CBM 220 Extra"]
[Source "ChessBase"]
[SourceDate "2024.07.31"]
[SourceVersion "1"]
[SourceVersionDate "2024.07.31"]
[SourceQuality "1"]

1. e4 e5 2. Nf3 Nf6 3. Nxe5 d6 4. Nf3 Nxe4 5. Qe2 Qe7 6. d3 Nf6 7. Be3 Nc6 8. Nc3 d5 9. 0-0-0 Bf5 10. h3 0-0-0 11. g4 d4 12. Nxd4 Nxd4 13. Bxd4 Rxd4 14. gxf5 Qxe2 15. Nxe2 Rd5 16. Ng3 Rd4 17. Ne2 Rd5 18. Ng3 Rd4 19. Ne2 Rd5 20. Ng3 1/2-1/2

[Event "Osasco Tasoko Memorial"]
[Site "Osasco"]
[Date "2024.03.23"]
[Round "6"]
[White "Cubas, Jose Fernando"]
[Black "Fier, Alexandr"]
[Result "1-0"]
[WhiteElo "2417"]
[BlackElo "2561"]
[PlyCount "69"]
[EventDate "2024.03.18"]
[EventType "tourn"]
[EventRounds "9"]
[EventCountry "BRA"]
[EventCategory "6"]
[SourceTitle "CBM 219 Extra"]
[Source "ChessBase"]
[SourceDate "2024.05.31"]
[SourceVersion "1"]
[SourceVersionDate "2024.05.31"]
[SourceQuality "1"]

1. e4 c5 2. Nc3 Nc6 3. Bb5 Nd4 4. Nf3 a6 5. Bd3 g6 6. Rb1 Nc6 7. a3 d6 8. h3 Bg7 9. b4 b5 10. 0-0 e6 11. Re1 Nge7 12. Bf1 0-0 13. Bb2 Nd4 14. Nxd4 cxd4 15. Ne2 e5 16. c3 Bb7 17. cxd4 Bxe4 18. d3 Bb7 19. dxe5 dxe5 20. d4 e4 21. Nc3 Nf5 22. Nxe4 Nxd4 23. Nc5 Bc6 24. Qg4 h5 25. Qf4 Qd5 26. Rbd1 Rfd8 27. Rd3 Qd6 28. Qd2 Qf6 29. Rd1 Nf3+ 30. gxf3 Rxd3 31. Bxf6 Rxd2 32. Rxd2 Bxf6 33. Rd6 Bb2 34. Rxc6 a5 35. Ra6 1-0

[Event "Titled Tuesday intern op 20th Feb Early"]
[Site "Chess.com INT"]
[Date "2024.02.20"]
[Round "7"]
[White "Coe, William R"]
[Black "Cubas, Jose Fernando"]
[Result "0-1"]
[WhiteElo "2078"]
[BlackElo "2427"]
[PlyCount "50"]
[EventDate "2024.02.20"]
[EventType "swiss (blitz)"]
[EventRounds "11"]
[EventCountry "USA"]
[SourceTitle "EXT 2025"]
[Source "ChessBase"]
[SourceDate "2024.10.14"]
[SourceVersion "1"]
[SourceVersionDate "2024.10.14"]
[SourceQuality "1"]

1. e4 e5 2. Nf3 Nf6 3. Nxe5 Nxe4 4. d4 d6 5. Nf3 d5 6. Bd3 Be7 7. 0-0 0-0 8. Re1 Bg4 9. Bxe4 dxe4 10. Rxe4 f5 11. Re1 Nc6 12. c3 Qd5 13. Nbd2 Bd6 14. Qb3 Qxb3 15. axb3 Rae8 16. Rxe8 Rxe8 17. h3 Bh5 18. c4 b6 19. d5 Nb4 20. Rxa7 Nd3 21. Ra1 Bf4 22. g4 fxg4 23. hxg4 Bxg4 24. Kg2 Re2 25. Ra8+ Kf7 0-1

[Event "Titled Tuesday intern op 20th Feb Early"]
[Site "Chess.com INT"]
[Date "2024.02.20"]
[Round "6"]
[White "Cubas, Jose Fernando"]
[Black "Bold, Andre"]
[Result "0-1"]
[WhiteElo "2427"]
[BlackElo "2203"]
[PlyCount "68"]
[EventDate "2024.02.20"]
[EventType "swiss (blitz)"]
[EventRounds "11"]
[EventCountry "USA"]
[SourceTitle "EXT 2025"]
[Source "ChessBase"]
[SourceDate "2024.10.14"]
[SourceVersion "1"]
[SourceVersionDate "2024.10.14"]
[SourceQuality "1"]

1. e4 c6 2. d4 d5 3. Nd2 dxe4 4. Nxe4 Nf6 5. Nxf6+ exf6 6. Bc4 Bd6 7. Qe2+ Be7 8. Be3 0-0 9. 0-0-0 Na6 10. h4 Nc7 11. h5 h6 12. Nh3 Be6 13. Nf4 Bxc4 14. Qxc4 Bd6 15. g4 Bxf4 16. Bxf4 Nd5 17. Bd2 Qd7 18. Qd3 Rfe8 19. Rhg1 Qd6 20. f4 Nxf4 21. Bxf4 Qxf4+ 22. Kb1 Qe4 23. Qb3 b5 24. Qc3 Qd5 25. a3 Re4 26. Rg3 Rae8 27. Qa5 Rxd4 28. Rxd4 Qxd4 29. Rd3 Qg1+ 30. Ka2 Qxg4 31. Qxa7 Qc4+ 32. Rb3 Qxc2 33. Qd7 Re1 34. Rd3 Qc4+ 0-1

[Event "Titled Tuesday intern op 20th Feb Early"]
[Site "Chess.com INT"]
[Date "2024.02.20"]
[Round "8"]
[White "Cubas, Jose Fernando"]
[Black "Wilk, Igor"]
[Result "1-0"]
[WhiteElo "2427"]
[BlackElo "2228"]
[PlyCount "83"]
[EventDate "2024.02.20"]
[EventType "swiss (blitz)"]
[EventRounds "11"]
[EventCountry "USA"]
[SourceTitle "EXT 2025"]
[Source "ChessBase"]
[SourceDate "2024.10.14"]
[SourceVersion "1"]
[SourceVersionDate "2024.10.14"]
[SourceQuality "1"]

1. e4 c6 2. Nf3 d5 3. exd5 cxd5 4. Ne5 Nc6 5. d4 Nxe5 6. dxe5 e6 7. Bd3 Bc5 8. Qg4 g6 9. 0-0 h5 10. Qf4 Nh6 11. Nd2 Nf5 12. Nf3 Bd7 13. Rd1 Qb6 14. Ng5 Be7 15. a4 h4 16. h3 Rh5 17. Nf3 Bc5 18. a5 Bxf2+ 19. Kf1 Ne3+ 20. Ke2 Nxg2 21. axb6 Nxf4+ 22. Bxf4 Bxb6 23. Bg5 Bc6 24. Bf6 Bd8 25. Nd4 Bxf6 26. exf6 Kd7 27. c4 a6 28. b4 e5 29. cxd5 Bxd5 30. Nc2 Ke6 31. Ne3 Bc6 32. Bc4+ Kxf6 33. Rf1+ Kg7 34. Rxf7+ Kh8 35. Rg1 Be4 36. Rd1 Bc6 37. Rd6 Rh7 38. Rxg6 Rxf7 39. Bxf7 a5 40. Nf5 Bb5+ 41. Ke1 Ra6 42. Be6 1-0

[Event "Titled Tuesday intern op 20th Feb Early"]
[Site "Chess.com INT"]
[Date "2024.02.20"]
[Round "9"]
[White "Stojanovski, Sandi"]
[Black "Cubas, Jose Fernando"]
[Result "0-1"]
[WhiteElo "2169"]
[BlackElo "2427"]
[PlyCount "66"]
[EventDate "2024.02.20"]
[EventType "swiss (blitz)"]
[EventRounds "11"]
[EventCountry "USA"]
[SourceTitle "EXT 2025"]
[Source "ChessBase"]
[SourceDate "2024.10.14"]
[SourceVersion "1"]
[SourceVersionDate "2024.10.14"]
[SourceQuality "1"]

1. d3 e5 2. Nf3 Nc6 3. g3 g6 4. Bg2 Bg7 5. 0-0 Nge7 6. c4 d6 7. Nc3 0-0 8. Rb1 f5 9. Nd2 g5 10. b4 f4 11. b5 Nd4 12. e3 Ndf5 13. Nd5 Nxd5 14. Bxd5+ Kh8 15. exf4 gxf4 16. Bb2 a6 17. bxa6 Rxa6 18. a3 c6 19. Be4 d5 20. Bg2 Nd4 21. Bxd4 exd4 22. Re1 c5 23. Bxd5 fxg3 24. fxg3 Bh6 25. Ne4 Qe8 26. Rf1 Be3+ 27. Kg2 Rxa3 28. Rxf8+ Qxf8 29. Qh5 Ra2+ 30. Kh1 Bf5 31. Qf3 Rxh2+ 32. Kxh2 Qh6+ 33. Kg2 Qh3# 0-1

[Event "Titled Tuesday intern op 06th Feb Early"]
[Site "Chess.com INT"]
[Date "2024.02.06"]
[Round "1"]
[White "Cubas, Jose Fernando"]
[Black "Chayka, Vitaliy"]
[Result "1-0"]
[WhiteElo "2427"]
[BlackElo "2102"]
[PlyCount "105"]
[EventDate "2024.02.06"]
[EventType "swiss (blitz)"]
[EventRounds "11"]
[EventCountry "USA"]
[SourceTitle "CBM 218 Extra"]
[Source "ChessBase"]
[SourceDate "2024.03.31"]
[SourceVersion "1"]
[SourceVersionDate "2024.03.31"]
[SourceQuality "1"]

1. e4 d6 2. d4 Nf6 3. Nc3 e5 4. Nf3 Nbd7 5. Bc4 Be7 6. a4 0-0 7. a5 c6 8. 0-0 Rb8 9. Re1 b5 10. axb6 axb6 11. Bb3 b5 12. h3 Qc7 13. Nh4 Nb6 14. dxe5 dxe5 15. Qf3 Be6 16. Nf5 Bxf5 17. Qxf5 b4 18. Na4 Ra8 19. Be3 Nxa4 20. Rxa4 Rxa4 21. Bxa4 c5 22. g4 c4 23. g5 g6 24. Qf3 Nh5 25. b3 c3 26. Bb5 Nf4 27. Bxf4 exf4 28. h4 Qe5 29. Bc4 Rd8 30. Ra1 Bc5 31. Bd5 Kg7 32. Kg2 Bb6 33. Ra4 Bc5 34. Ra5 Bd6 35. Ra7 Be7 36. Qg4 Kf8 37. Rb7 Qd6 38. Kf3 Rb8 39. Rd7 Qe5 40. Qxf4 Qxf4+ 41. Kxf4 Ke8 42. Ra7 Rb6 43. f3 Rb8 44. Kg4 Kf8 45. f4 Rd8 46. h5 Rb8 47. h6 Ke8 48. f5 Kf8 49. f6 Bc5 50. Rxf7+ Ke8 51. Rxh7 Rb6 52. Rh8+ Bf8 53. h7 1-0

[Event "Titled Tuesday intern op 06th Feb Early"]
[Site "Chess.com INT"]
[Date "2024.02.06"]
[Round "7"]
[White "Cubas, Jose Fernando"]
[Black "Ismayil, Malak"]
[Result "1/2-1/2"]
[WhiteElo "2427"]
[BlackElo "2200"]
[PlyCount "118"]
[EventDate "2024.02.06"]
[EventType "swiss (blitz)"]
[EventRounds "11"]
[EventCountry "USA"]
[SourceTitle "CBM 218 Extra"]
[Source "ChessBase"]
[SourceDate "2024.03.31"]
[SourceVersion "1"]
[SourceVersionDate "2024.03.31"]
[SourceQuality "1"]

1. e4 e5 2. d4 exd4 3. Qxd4 Nc6 4. Qe3 Nf6 5. Nc3 Bb4 6. Bd2 Qe7 7. 0-0-0 d6 8. Qg3 Be6 9. h3 0-0-0 10. Qxg7 Rhg8 11. Qh6 Bxc3 12. Bxc3 Nxe4 13. Be1 Bxa2 14. Nf3 Be6 15. Bd3 Nc5 16. g4 Nxd3+ 17. Rxd3 f5 18. Bc3 fxg4 19. Bf6 Qf7 20. Ng5 Qf8 21. hxg4 Qxh6 22. Rxh6 Rde8 23. Rg3 Rg6 24. Rxg6 hxg6 25. f4 Bc4 26. b3 Bd5 27. Kd2 a5 28. Nh7 Bg8 29. Ng5 Rf8 30. Re3 Rxf6 31. Re8+ Kd7 32. Rxg8 Rxf4 33. Rg7+ Kc8 34. Ne6 Rxg4 35. Rxc7+ Kb8 36. Rd7 Nd4 37. Nc7 Rg2+ 38. Kd3 Nxc2 39. Nb5 Nb4+ 40. Ke4 Nc6 41. Nxd6 g5 42. Rxb7+ Ka8 43. Rc7 Nb4 44. Nc4 Rg4+ 45. Kf5 Rg3 46. Nxa5 g4 47. Rc4 Nd5 48. Rd4 Ne3+ 49. Kf4 Rf3+ 50. Kg5 Rf5+ 51. Kh4 Rxa5 52. Re4 Nf5+ 53. Kxg4 Nd6 54. Rd4 Nb5 55. Rd5 Kb7 56. Kf5 Kc6 57. Re5 Nd4+ 58. Ke4 Rxe5+ 59. Kxe5 Nxb3 1/2-1/2